Structure of local government in England and Wales (Record no. 371516)

000 -LEADER
fixed length control field 00429cam a22001457a 4500
008 - FIXED-LENGTH DATA ELEMENTS--GENERAL INFORMATION
fixed length control field 180718b1957 xxu||||| |||| 00| 0 eng d
082 ## - DEWEY DECIMAL CLASSIFICATION NUMBER
Classification number B7x42 J139/57
100 ## - MAIN ENTRY--PERSONAL NAME
Personal name Jackson, W. Eric
245 ## - TITLE STATEMENT
Title Structure of local government in England and Wales
Statement of responsibility, etc. by W. Eric Jackson
250 ## - EDITION STATEMENT
Edition statement 3rd ed.
260 ## - PUBLICATION, DISTRIBUTION, ETC.
Place of publication, distribution, etc. London
Name of publisher, distributor, etc. Longmans
Date of publication, distribution, etc. 1957
300 ## - PHYSICAL DESCRIPTION
Extent 261p.
650 ## - SUBJECT ADDED ENTRY--TOPICAL TERM
Topical term or geographic name entry element Local government --Wales.
650 ## - SUBJECT ADDED ENTRY--TOPICAL TERM
Topical term or geographic name entry element Local government --England
Holdings
Withdrawn status Lost status Damaged status Not for loan Permanent Location Current Location Date acquired Full call number Barcode Date last seen Price effective from Koha item type
        Indian Institute of Public Administration Indian Institute of Public Administration 2008-12-26 B7x42 J139 D289 2018-07-21 2018-07-21 D
        Indian Institute of Public Administration Indian Institute of Public Administration 2008-12-26 B7x42 J139 DA343 2018-07-21 2018-07-21 DA
        Indian Institute of Public Administration Indian Institute of Public Administration 1994-06-10 B7x42 J139/60 23973 2018-07-21 2018-07-21 Book
        Indian Institute of Public Administration Indian Institute of Public Administration 1994-06-10 B7x42 J139/57 10680 2018-07-21 2018-07-21 Book

Powered by Koha